Špecifiká zahraničnoobchodnej politiky EÚ voči Strednej Ázii

Postavenie regiónu Strednej Ázie v zahraničnoobchodnej politike EÚ na základe zhodnotenia pozície EÚ v regióne a analýzy vzájomných obchodných vzťahov.

Salvato in:
Dettagli Bibliografici
Autore principale: Drieniková, Kristína, 1982-
Natura: Capitolo di libro
Lingua:slovacco
Soggetti:
Tags: Aggiungi Tag
Nessun Tag, puoi essere il primo ad aggiungerne!!

MARC

LEADER 00000naa$a2200000$$$4500
001 0249636
005 20240502074007.9
041 0 |a slo 
044 |a SK 
245 1 0 |a Špecifiká zahraničnoobchodnej politiky EÚ voči Strednej Ázii  |c Kristína Drieniková 
520 |a Postavenie regiónu Strednej Ázie v zahraničnoobchodnej politike EÚ na základe zhodnotenia pozície EÚ v regióne a analýzy vzájomných obchodných vzťahov. 
610 2 0 |a politika zahraničnoobchodná 
610 2 0 |a Európska únia 
610 2 0 |a stredná Ázia 
610 2 0 |a obchod 
610 2 0 |a investovanie 
100 1 |a Drieniková, Kristína, 1982-